00301nam a2200121Ia 4500008004100000082001600041100002500057245003100082250000900113260004100122300000800163650000800171191201s2008 xx 000 0 und d a005.43bSIO aSILBERSCHATZ,Abraham 0aOperating Systems Concepts aRep. aN.DelhibWiley Dreautech Indiac2008 a951 aMCA